|
|
|
|
| LEADER |
00000nab a2200000 a 4500 |
| 001 |
vtls000253054 |
| 003 |
SK-MaSNL |
| 005 |
20260426031622.0 |
| 008 |
111202c1986 xo 0 slo |
| 015 |
|
|
|a SNBRA19rr/mm-uuuuu
|
| 035 |
|
|
|a CL0263168
|
| 040 |
|
|
|a SNKBUCL
|b slo
|c SNKBUCL
|e AACR2
|
| 041 |
0 |
|
|a slo
|
| 044 |
|
|
|a xo
|c SK
|
| 080 |
|
|
|a 334.6:331.86
|2 1981
|
| 080 |
|
|
|a 331.86
|2 1981
|
| 100 |
1 |
|
|a Lukáč, Milan
|4 aut
|9 484191
|
| 245 |
1 |
0 |
|a Výchova kádrov pre miestne hospodárstvo v rokoch 8. päťročnice
|c Milan Lukáč
|
| 300 |
|
|
|b Tb. 7. Sch. 1.
|
| 650 |
0 |
7 |
|a miestne hospodárstvo
|2 snkbucl
|9 87924
|
| 650 |
0 |
7 |
|a pracovníci
|2 snkbucl
|9 385397
|
| 650 |
0 |
7 |
|a výchova
|2 snkbucl
|9 957
|
| 650 |
0 |
7 |
|a vzdelávanie
|2 snkbucl
|9 4033
|
| 655 |
|
7 |
|a články zo zborníkov
|2 snkbucl
|9 166140
|
| 773 |
0 |
|
|t Zvyšovanie akosti výrobkov, prác a služieb
|d Bratislava : Dom techniky ČSVTS, 1986
|g S. 67-83
|
| 850 |
|
|
|a Slovenská národná knižnica v Martine
|a MTA001
|
| 852 |
|
|
|a SNK
|b KIS3GCP
|
| 958 |
|
|
|a RK
|
| 992 |
|
|
|a RZB
|
| 999 |
|
|
|c 1509839
|d 1511769
|